[Event "Stay Safe Play From Home 269"]
[Site "Emanuel Lasker Arena"]
[Date "2020.07.01"]
[Round "2"]
[White "NeatFox"]
[Black "Lazieri3"]
[Result "0-1"]
[WhiteElo "1908"]
[BlackElo "2104"]
[PlyCount "84"]
[EventDate "2020.07.01"]
[EventType "swiss (blitz)"]

1. g4 {[%emt 0:00:00]} c6 {[%emt 0:00:02]} 2. Bg2 {[%emt 0:00:00]} d5 {[%emt 0:00:03]} 3. c4 {[%emt 0:00:00]} Bxg4 {[%emt 0:00:01]} 4. cxd5 {[%emt 0:00:00]} cxd5 {[%emt 0:00:01]} 5. Qb3 {[%emt 0:00:00]} Bc8 {[%emt 0:00:02]} 6. Bxd5 {[%emt 0:00:01]} e6 {[%emt 0:00:01]} 7. Bxb7 {[%emt 0:00:01]} Bxb7 {[%emt 0:00:00]} 8. Qxb7 {[%emt 0:00:00]} Nd7 {[%emt 0:00:00]} 9. Nc3 {[%emt 0:00:01]} Ngf6 {[%emt 0:00:02]} 10. Nb5 {[%emt 0:00:00]} Be7 {[%emt 0:00:05]} 11. Nc7+ {[%emt 0:00:01]} Kf8 {[%emt 0:00:01]} 12. Qxa8 {[%emt 0:00:00]} Qxa8 {[%emt 0:00:02]} 13. Nxa8 {[%emt 0:00:00]} g6 {[%emt 0:00:01]} 14. Nc7 {[%emt 0:00:01]} Kg7 {[%emt 0:00:00]} 15. Nb5 {[%emt 0:00:01]} a6 {[%emt 0:00:02]} 16. Nc3 {[%emt 0:00:04]} Rb8 {[%emt 0:00:00]} 17. b3 {[%emt 0:00:02]} Nc5 {[%emt 0:00:01]} 18. Bb2 {[%emt 0:00:01]} Kf8 {[%emt 0:00:01]} 19. Nf3 {[%emt 0:00:01]} a5 {[%emt 0:00:02]} 20. d4 {[%emt 0:00:02]} Nce4 {[%emt 0:00:02]} 21. Nxe4 {[%emt 0:00:02]} Nxe4 {[%emt 0:00:00]} 22. Nd2 {[%emt 0:00:01]} Nf6 {[%emt 0:00:02]} 23. Nc4 {[%emt 0:00:00]} a4 {[%emt 0:00:01]} 24. Rb1 {[%emt 0:00:02]} axb3 {[%emt 0:00:01]} 25. axb3 {[%emt 0:00:00]} Rxb3 {[%emt 0:00:01]} 26. Ne5 {[%emt 0:00:02]} Nd5 {[%emt 0:00:04]} 27. O-O {[%emt 0:00:02]} Nf4 {[%emt 0:00:02]} 28. Nc6 {[%emt 0:00:02]} Nxe2+ {[%emt 0:00:02]} 29. Kg2 {[%emt 0:00:01]} Bd6 {[%emt 0:00:01]} 30. Rfe1 {[%emt 0:00:02]} Nf4+ {[%emt 0:00:01]} 31. Kf1 {[%emt 0:00:03]} Nd3 {[%emt 0:00:01]} 32. Re2 {[%emt 0:00:01]} Nf4 {[%emt 0:00:02]} 33. Rd2 {[%emt 0:00:02]} Rb6 {[%emt 0:00:01]} 34. Rdd1 {[%emt 0:00:02]} Rxc6 {[%emt 0:00:02]} 35. Ba3 {[%emt 0:00:01]} Bxa3 {[%emt 0:00:01]} 36. Rb8+ {[%emt 0:00:00]} Kg7 {[%emt 0:00:02]} 37. Ra1 {[%emt 0:00:00]} Bb2 {[%emt 0:00:01]} 38. Rb1 {[%emt 0:00:01]} Bxd4 {[%emt 0:00:00]} 39. Rd1 {[%emt 0:00:01]} e5 {[%emt 0:00:01]} 40. f3 {[%emt 0:00:00]} Rc2 {[%emt 0:00:00]} 41. Rbb1 {[%emt 0:00:02]} Rxh2 {[%emt 0:00:00]} 42. Rd2 {[%emt 0:00:03]} Rh1# {[%emt 0:00:00] (Lag: Av=0.53s, max=0.8s)} 0-1

[Event "Stay Safe Play From Home 269"]
[Site "Emanuel Lasker Arena"]
[Date "2020.07.01"]
[Round "2"]
[White "Aadi3110theking"]
[Black "SoulofWolf"]
[Result "0-1"]
[WhiteElo "1620"]
[BlackElo "2175"]
[Annotator "NA"]
[PlyCount "86"]
[EventDate "2020.07.01"]
[EventType "swiss (blitz)"]

1. Nf3 {[%emt 0:00:03]} c6 {[%emt 0:00:01]} 2. c4 {[%emt 0:00:01]} d5 {[%emt 0:00:01]} 3. b3 {[%emt 0:00:00]} Nf6 {[%emt 0:00:01]} 4. Bb2 {[%emt 0:00:00]} Nbd7 {[%emt 0:00:00]} 5. g3 {[%emt 0:00:00]} g6 {[%emt 0:00:00]} 6. Bg2 {[%emt 0:00:00]} Bg7 {[%emt 0:00:00]} 7. O-O {[%emt 0:00:00]} O-O {[%emt 0:00:00]} 8. e3 {[%emt 0:00:00]} Re8 {[%emt 0:00:01]} 9. d3 {[%emt 0:00:00]} e5 {[%emt 0:00:00]} 10. Qe2 {[%emt 0:00:01]} h5 {[%emt 0:00:01]} 11. Nbd2 {[%emt 0:00:02]} Ng4 {[%emt 0:00:01]} 12. h3 {[%emt 0:00:01]} Nh6 {[%emt 0:00:01]} 13. cxd5 {[%emt 0:00:03]} cxd5 {[%emt 0:00:01]} 14. Nh4 {[%emt 0:00:01]} Nb6 {[%emt 0:00:04]} 15. Rac1 {[%emt 0:00:02]} Be6 {[%emt 0:00:01]} 16. d4 {[%emt 0:00:01]} e4 {[%emt 0:00:03]} 17. f3 {[%emt 0:00:01]} g5 {[%emt 0:00:04]} 18. fxe4 {[%emt 0:00:05]} gxh4 {[%emt 0:00:02]} 19. Qxh5 {[%emt 0:00:00]} hxg3 {[%emt 0:00:05]} 20. exd5 {[%emt 0:00:01]} Nxd5 {[%emt 0:00:01]} 21. e4 {[%emt 0:00:01]} Nf6 {[%emt 0:00:01]} 22. Qf3 {[%emt 0:00:02]} Qd7 {[%emt 0:00:01]} 23. Qxg3 {[%emt 0:00:01]} Nh5 {[%emt 0:00:01]} 24. Qe3 {[%emt 0:00:03]} Rad8 {[%emt 0:00:04]} 25. d5 {[%emt 0:00:01]} Bxd5 {[%emt 0:00:02]} 26. Qg5 {[%emt 0:00:02]} f6 {[%emt 0:00:03]} 27. Qxh5 {[%emt 0:00:03]} Bf7 {[%emt 0:00:02]} 28. Qf3 {[%emt 0:00:02]} Qxd2 {[%emt 0:00:02]} 29. Bxf6 {[%emt 0:00:01]} Bxf6 {[%emt 0:00:03]} 30. Qxf6 {[%emt 0:00:00]} Qd4+ {[%emt 0:00:00]} 31. Qxd4 {[%emt 0:00:02]} Rxd4 {[%emt 0:00:00]} 32. Rc7 {[%emt 0:00:02]} Rf8 {[%emt 0:00:04]} 33. Rxb7 {[%emt 0:00:01]} Rd6 {[%emt 0:00:01]} 34. Rxa7 {[%emt 0:00:02]} Rg6 {[%emt 0:00:00]} 35. Ra4 {[%emt 0:00:01]} Kh8 {[%emt 0:00:01]} 36. Kh1 {[%emt 0:00:00]} Rfg8 {[%emt 0:00:00]} 37. Rg1 {[%emt 0:00:00]} Be6 {[%emt 0:00:01]} 38. Ra7 {[%emt 0:00:01]} Bxh3 {[%emt 0:00:02]} 39. Bxh3 {[%emt 0:00:00]} Rxg1+ {[%emt 0:00:00]} 40. Kh2 {[%emt 0:00:04]} R1g3 {[%emt 0:00:00]} 41. Kh1 {[%emt 0:00:01]} Ng4 {[%emt 0:00:01]} 42. Bxg4 {[%emt 0:00:02]} R3xg4 {[%emt 0:00:01]} 43. Ra8 {[%emt 0:00:00]} Rh4# {[%emt 0:00:01] (Lag: Av=0.62s, max=1.4s)} 0-1

[Event "Stay Safe Play From Home 269"]
[Site "Emanuel Lasker Arena"]
[Date "2020.07.01"]
[Round "3"]
[White "AChessPlayer"]
[Black "Mepe_Nika"]
[Result "1-0"]
[WhiteElo "2420"]
[BlackElo "2440"]
[PlyCount "99"]
[EventDate "2020.07.01"]
[EventType "swiss (blitz)"]

1. d3 {[%emt 0:00:01]} d5 {[%emt 0:00:01]} 2. Nf3 {[%emt 0:00:00]} Nf6 {[%emt 0:00:01]} 3. g3 {[%emt 0:00:02]} Bf5 {[%emt 0:00:00]} 4. Bg2 {[%emt 0:00:00]} e6 {[%emt 0:00:00]} 5. O-O {[%emt 0:00:00]} h6 {[%emt 0:00:00]} 6. b3 {[%emt 0:00:00]} Be7 {[%emt 0:00:01]} 7. Bb2 {[%emt 0:00:00]} O-O {[%emt 0:00:00]} 8. Nbd2 {[%emt 0:00:00]} a5 {[%emt 0:00:00]} 9. Re1 {[%emt 0:00:00]} a4 {[%emt 0:00:01]} 10. c4 {[%emt 0:00:01]} axb3 {[%emt 0:00:02]} 11. axb3 {[%emt 0:00:01]} Rxa1 {[%emt 0:00:00]} 12. Qxa1 {[%emt 0:00:00]} Nbd7 {[%emt 0:00:00]} 13. Nd4 {[%emt 0:00:02]} Bg6 {[%emt 0:00:01]} 14. N2f3 {[%emt 0:00:01]} c6 {[%emt 0:00:01]} 15. Bc3 {[%emt 0:00:04]} Qc7 {[%emt 0:00:03]} 16. Qa2 {[%emt 0:00:03]} e5 {[%emt 0:00:03]} 17. Nc2 {[%emt 0:00:01]} d4 {[%emt 0:00:02]} 18. Bd2 {[%emt 0:00:01]} c5 {[%emt 0:00:02]} 19. b4 {[%emt 0:00:01]} b6 {[%emt 0:00:04]} 20. Ra1 {[%emt 0:00:02]} e4 {[%emt 0:00:01]} 21. Nh4 {[%emt 0:00:02]} Bh7 {[%emt 0:00:01]} 22. Bf4 {[%emt 0:00:07]} Qd8 {[%emt 0:00:06]} 23. Ne1 {[%emt 0:00:02]} cxb4 {[%emt 0:00:03]} 24. Bc1 {[%emt 0:00:03]} Nc5 {[%emt 0:00:01]} 25. Bh3 {[%emt 0:00:04]} exd3 {[%emt 0:00:01]} 26. exd3 {[%emt 0:00:01]} b3 {[%emt 0:00:02]} 27. Qb2 {[%emt 0:00:01]} Nfd7 {[%emt 0:00:01]} 28. Nf5 {[%emt 0:00:01]} Bf6 {[%emt 0:00:02]} 29. Bd2 {[%emt 0:00:02]} Ne5 {[%emt 0:00:01]} 30. Bb4 {[%emt 0:00:02]} Re8 {[%emt 0:00:02]} 31. Bxc5 {[%emt 0:00:02]} bxc5 {[%emt 0:00:00]} 32. Qxb3 {[%emt 0:00:00]} Qc7 {[%emt 0:00:05]} 33. Rb1 {[%emt 0:00:01]} Qc6 {[%emt 0:00:02]} 34. Bg2 {[%emt 0:00:01]} Qe6 {[%emt 0:00:02]} 35. Bh3 {[%emt 0:00:01]} Qc6 {[%emt 0:00:01]} 36. Qb7 {[%emt 0:00:00]} Qxb7 {[%emt 0:00:01]} 37. Rxb7 {[%emt 0:00:00]} Nxd3 {[%emt 0:00:00]} 38. Nxd3 {[%emt 0:00:01]} Bg6 {[%emt 0:00:00]} 39. Bg4 {[%emt 0:00:01]} Kh7 {[%emt 0:00:00] Mepe_Nika offers a draw} 40. h4 {[%emt 0:00:02]} h5 {[%emt 0:00:00]} 41. Bh3 {[%emt 0:00:01]} Ra8 {[%emt 0:00:00]} 42. Kg2 {[%emt 0:00:00]} Ra2 {[%emt 0:00:01]} 43. Nf4 {[%emt 0:00:00]} d3 {[%emt 0:00:01]} 44. Nxg6 {[%emt 0:00:01]} fxg6 {[%emt 0:00:00]} 45. Rd7 {[%emt 0:00:01]} Bd4 {[%emt 0:00:00]} 46. Ne3 {[%emt 0:00:00]} d2 {[%emt 0:00:01]} 47. Nd1 {[%emt 0:00:00]} Ra1 {[%emt 0:00:01]} 48. Kf3 {[%emt 0:00:01]} Rxd1 {[%emt 0:00:01]} 49. Ke2 {[%emt 0:00:00]} Re1+ {[%emt 0:00:00]} 50. Kxd2 {[%emt 0:00:00] Time (Lag: Av=0.48s, max=1.2s)} 1-0

[Event "Stay Safe Play From Home 269"]
[Site "Emanuel Lasker Arena"]
[Date "2020.07.01"]
[Round "3"]
[White "Lazieri3"]
[Black "Broken sword"]
[Result "0-1"]
[WhiteElo "2112"]
[BlackElo "2462"]
[PlyCount "100"]
[EventDate "2020.07.01"]
[EventType "swiss (blitz)"]

1. e4 {[%emt 0:00:01]} c5 {[%emt 0:00:01]} 2. Nc3 {[%emt 0:00:00]} e6 {[%emt 0:00:00]} 3. d3 {[%emt 0:00:00]} a6 {[%emt 0:00:00]} 4. f4 {[%emt 0:00:01]} d5 {[%emt 0:00:00]} 5. exd5 {[%emt 0:00:01]} exd5 {[%emt 0:00:00]} 6. Nf3 {[%emt 0:00:01]} Nf6 {[%emt 0:00:01]} 7. d4 {[%emt 0:00:01]} c4 {[%emt 0:00:01]} 8. Ne5 {[%emt 0:00:01]} Nc6 {[%emt 0:00:01]} 9. Be2 {[%emt 0:00:01]} Bd6 {[%emt 0:00:02]} 10. O-O {[%emt 0:00:01]} O-O {[%emt 0:00:00]} 11. Bf3 {[%emt 0:00:01]} Be6 {[%emt 0:00:01]} 12. h3 {[%emt 0:00:01]} Rc8 {[%emt 0:00:01]} 13. a3 {[%emt 0:00:01]} Nxd4 {[%emt 0:00:01]} 14. Kh2 {[%emt 0:00:04]} Bc5 {[%emt 0:00:02]} 15. Ne2 {[%emt 0:00:02]} Nxe2 {[%emt 0:00:02]} 16. Qxe2 {[%emt 0:00:01]} Bf5 {[%emt 0:00:00]} 17. c3 {[%emt 0:00:01]} Re8 {[%emt 0:00:01]} 18. Rd1 {[%emt 0:00:01]} Bd6 {[%emt 0:00:06]} 19. Bd2 {[%emt 0:00:08]} Be4 {[%emt 0:00:03]} 20. Bxe4 {[%emt 0:00:01]} Nxe4 {[%emt 0:00:00]} 21. Nf3 {[%emt 0:00:03]} Qc7 {[%emt 0:00:02]} 22. g3 {[%emt 0:00:03]} Nxc3 {[%emt 0:00:01]} 23. Qf2 {[%emt 0:00:04]} Nxd1 {[%emt 0:00:01]} 24. Rxd1 {[%emt 0:00:00]} Bc5 {[%emt 0:00:00]} 25. Qg2 {[%emt 0:00:02]} Rcd8 {[%emt 0:00:01]} 26. Bc3 {[%emt 0:00:01]} f6 {[%emt 0:00:01]} 27. Nd4 {[%emt 0:00:01]} Bxd4 {[%emt 0:00:03]} 28. Rxd4 {[%emt 0:00:00]} Re7 {[%emt 0:00:03]} 29. Rxd5 {[%emt 0:00:01]} Rde8 {[%emt 0:00:01]} 30. Rd2 {[%emt 0:00:01]} Qc6 {[%emt 0:00:01]} 31. Qxc6 {[%emt 0:00:01]} bxc6 {[%emt 0:00:00]} 32. Kg2 {[%emt 0:00:01]} Re2+ {[%emt 0:00:01]} 33. Kf3 {[%emt 0:00:00]} Rxd2 {[%emt 0:00:01]} 34. Bxd2 {[%emt 0:00:00]} Rd8 {[%emt 0:00:00]} 35. Bc3 {[%emt 0:00:01]} Rd3+ {[%emt 0:00:00]} 36. Kf2 {[%emt 0:00:01]} Kf7 {[%emt 0:00:00]} 37. h4 {[%emt 0:00:01]} f5 {[%emt 0:00:01]} 38. h5 {[%emt 0:00:01]} g6 {[%emt 0:00:01]} 39. hxg6+ {[%emt 0:00:00]} hxg6 {[%emt 0:00:00]} 40. a4 {[%emt 0:00:01]} Ke6 {[%emt 0:00:01]} 41. a5 {[%emt 0:00:00]} Kd5 {[%emt 0:00:00]} 42. Kg2 {[%emt 0:00:02]} Ke4 {[%emt 0:00:00]} 43. Kh3 {[%emt 0:00:00]} Kf3 {[%emt 0:00:00]} 44. Kh4 {[%emt 0:00:00]} Rd1 {[%emt 0:00:02]} 45. Kg5 {[%emt 0:00:00]} Kxg3 {[%emt 0:00:00]} 46. Be5 {[%emt 0:00:01]} Kf3 {[%emt 0:00:01]} 47. Kxg6 {[%emt 0:00:00]} Ke4 {[%emt 0:00:00]} 48. Kf6 {[%emt 0:00:01]} Rd5 {[%emt 0:00:01]} 49. Bc3 {[%emt 0:00:00]} Kxf4 {[%emt 0:00:01]} 50. Ke6 {[%emt 0:00:01]} Ke4 {[%emt 0:00:01] Time (Lag: Av=0.42s, max=0.9s)} 0-1

[Event "Stay Safe Play From Home 269"]
[Site "Emanuel Lasker Arena"]
[Date "2020.07.01"]
[Round "3"]
[White "Haxhi Baha"]
[Black "Trotsky"]
[Result "1-0"]
[WhiteElo "2061"]
[BlackElo "1603"]
[PlyCount "67"]
[EventDate "2020.07.01"]
[EventType "swiss (blitz)"]

1. e4 {[%emt 0:00:01]} c5 {[%emt 0:00:01]} 2. Nf3 {[%emt 0:00:02]} e6 {[%emt 0:00:01]} 3. d4 {[%emt 0:00:00]} d5 {[%emt 0:00:01]} 4. exd5 {[%emt 0:00:01]} exd5 {[%emt 0:00:01]} 5. c3 {[%emt 0:00:00]} c4 {[%emt 0:00:01]} 6. b3 {[%emt 0:00:01]} Be6 {[%emt 0:00:01]} 7. bxc4 {[%emt 0:00:01]} Nc6 {[%emt 0:00:01]} 8. cxd5 {[%emt 0:00:01]} Bxd5 {[%emt 0:00:01]} 9. Be2 {[%emt 0:00:01]} Nf6 {[%emt 0:00:01]} 10. O-O {[%emt 0:00:01]} Bd6 {[%emt 0:00:01]} 11. c4 {[%emt 0:00:01]} Be6 {[%emt 0:00:01]} 12. d5 {[%emt 0:00:01]} Qc7 {[%emt 0:00:01]} 13. dxe6 {[%emt 0:00:02]} fxe6 {[%emt 0:00:02]} 14. h3 {[%emt 0:00:02]} O-O-O {[%emt 0:00:01]} 15. Qa4 {[%emt 0:00:02]} h5 {[%emt 0:00:02]} 16. Nc3 {[%emt 0:00:02]} Ng4 {[%emt 0:00:01]} 17. Nb5 {[%emt 0:00:03]} Bh2+ {[%emt 0:00:02]} 18. Kh1 {[%emt 0:00:01]} Qb8 {[%emt 0:00:03]} 19. Bg5 {[%emt 0:00:03]} Rdf8 {[%emt 0:00:02]} 20. Rad1 {[%emt 0:00:14]} Nce5 {[%emt 0:00:16]} 21. Nd6+ {[%emt 0:00:03]} Kc7 {[%emt 0:00:02]} 22. Qa5+ {[%emt 0:00:03]} b6 {[%emt 0:00:01]} 23. Nb5+ {[%emt 0:00:02]} Kb7 {[%emt 0:00:01]} 24. Qc3 {[%emt 0:00:05]} Ka8 {[%emt 0:00:01]} 25. Nxe5 {[%emt 0:00:01]} Bxe5 {[%emt 0:00:02]} 26. Bf3+ {[%emt 0:00:01]} Qb7 {[%emt 0:00:05]} 27. Bxb7+ {[%emt 0:00:00]} Kxb7 {[%emt 0:00:01]} 28. Qd3 {[%emt 0:00:01]} Rc8 {[%emt 0:00:02]} 29. Qd7+ {[%emt 0:00:01]} Ka8 {[%emt 0:00:02]} 30. Rfe1 {[%emt 0:00:01]} Rc7 {[%emt 0:00:02]} 31. Qxc7 {[%emt 0:00:01]} Bxc7 {[%emt 0:00:01]} 32. Nxc7+ {[%emt 0:00:00]} Kb7 {[%emt 0:00:01]} 33. hxg4 {[%emt 0:00:00]} Rc8 {[%emt 0:00:01]} 34. Kg1 {[%emt 0:00:00] Âðåìÿ ' (Lag: Av=0.52s, max=1.0s)} 1-0

[Event "Stay Safe Play From Home 269"]
[Site "Emanuel Lasker Arena"]
[Date "2020.07.01"]
[Round "3"]
[White "Bardellosport"]
[Black "SoulofWolf"]
[Result "1/2-1/2"]
[WhiteElo "1966"]
[BlackElo "2176"]
[PlyCount "141"]
[EventDate "2020.07.01"]
[EventType "swiss (blitz)"]

1. d3 {[%emt 0:00:01]} d6 {[%emt 0:00:00]} 2. g3 {[%emt 0:00:00]} Nd7 {[%emt 0:00:00]} 3. Bg2 {[%emt 0:00:00]} c5 {[%emt 0:00:00]} 4. Nd2 {[%emt 0:00:00]} e5 {[%emt 0:00:00]} 5. e4 {[%emt 0:00:01]} Ne7 {[%emt 0:00:00]} 6. Ngf3 {[%emt 0:00:01]} g6 {[%emt 0:00:00]} 7. Qe2 {[%emt 0:00:00]} Bg7 {[%emt 0:00:00]} 8. c3 {[%emt 0:00:00]} O-O {[%emt 0:00:00]} 9. O-O {[%emt 0:00:01]} f5 {[%emt 0:00:00]} 10. Nc4 {[%emt 0:00:01]} Nb6 {[%emt 0:00:02]} 11. Nxb6 {[%emt 0:00:01]} Qxb6 {[%emt 0:00:00]} 12. Bg5 {[%emt 0:00:01]} Qc7 {[%emt 0:00:02]} 13. Bxe7 {[%emt 0:00:00]} Qxe7 {[%emt 0:00:00]} 14. Rae1 {[%emt 0:00:01]} Be6 {[%emt 0:00:01]} 15. exf5 {[%emt 0:00:00]} Bxf5 {[%emt 0:00:01]} 16. Nh4 {[%emt 0:00:01]} Bc8 {[%emt 0:00:02]} 17. f4 {[%emt 0:00:01]} Rb8 {[%emt 0:00:02]} 18. fxe5 {[%emt 0:00:01]} dxe5 {[%emt 0:00:00]} 19. Bd5+ {[%emt 0:00:01]} Kh8 {[%emt 0:00:01]} 20. c4 {[%emt 0:00:01]} Bh3 {[%emt 0:00:02]} 21. Bg2 {[%emt 0:00:02]} Be6 {[%emt 0:00:03]} 22. Be4 {[%emt 0:00:02]} b6 {[%emt 0:00:03]} 23. Ng2 {[%emt 0:00:01]} Rbe8 {[%emt 0:00:02]} 24. b3 {[%emt 0:00:01]} Bh3 {[%emt 0:00:01]} 25. Rxf8+ {[%emt 0:00:02]} Rxf8 {[%emt 0:00:01]} 26. Rf1 {[%emt 0:00:00]} Rf6 {[%emt 0:00:01]} 27. Rxf6 {[%emt 0:00:01]} Qxf6 {[%emt 0:00:00]} 28. Qf2 {[%emt 0:00:00]} h6 {[%emt 0:00:01]} 29. Qxf6 {[%emt 0:00:01]} Bxf6 {[%emt 0:00:01]} 30. Kf2 {[%emt 0:00:00]} Kg7 {[%emt 0:00:00]} 31. Ne3 {[%emt 0:00:01]} Be6 {[%emt 0:00:01]} 32. h4 {[%emt 0:00:02]} Bd8 {[%emt 0:00:01]} 33. Nd5 {[%emt 0:00:01]} Bd7 {[%emt 0:00:01]} 34. Kf3 {[%emt 0:00:01]} b5 {[%emt 0:00:00]} 35. cxb5 {[%emt 0:00:02]} Bxb5 {[%emt 0:00:01]} 36. a4 {[%emt 0:00:00]} Bc6 {[%emt 0:00:01]} 37. Ne3 {[%emt 0:00:01]} Bd7 {[%emt 0:00:02]} 38. Nd5 {[%emt 0:00:01]} a6 {[%emt 0:00:01]} 39. Nc3 {[%emt 0:00:02]} Ba5 {[%emt 0:00:01]} 40. Nd5 {[%emt 0:00:01]} Bd2 {[%emt 0:00:01]} 41. Ne7 {[%emt 0:00:02]} Be6 {[%emt 0:00:01]} 42. Nd5 {[%emt 0:00:00]} Bc1 {[%emt 0:00:01]} 43. g4 {[%emt 0:00:01]} Bd2 {[%emt 0:00:01]} 44. g5 {[%emt 0:00:02]} hxg5 {[%emt 0:00:00]} 45. hxg5 {[%emt 0:00:00]} Bxg5 {[%emt 0:00:01]} 46. Nc7 {[%emt 0:00:02]} Bxb3 {[%emt 0:00:02]} 47. Nxa6 {[%emt 0:00:01]} Be7 {[%emt 0:00:01]} 48. Ke3 {[%emt 0:00:03]} Bxa4 {[%emt 0:00:00]} 49. Kd2 {[%emt 0:00:01]} Bb5 {[%emt 0:00:01]} 50. Nc7 {[%emt 0:00:01]} Bd6 {[%emt 0:00:00]} 51. Nd5 {[%emt 0:00:00]} Kh6 {[%emt 0:00:01]} 52. Kc3 {[%emt 0:00:00]} g5 {[%emt 0:00:00]} 53. Nf6 {[%emt 0:00:01]} Be7 {[%emt 0:00:02]} 54. Ng8+ {[%emt 0:00:01]} Kh5 {[%emt 0:00:02]} 55. Nxe7 {[%emt 0:00:00]} Kh4 {[%emt 0:00:00]} 56. Nf5+ {[%emt 0:00:00]} Kh3 {[%emt 0:00:01]} 57. Kd2 {[%emt 0:00:03]} g4 {[%emt 0:00:00]} 58. Ke2 {[%emt 0:00:01]} Bd7 {[%emt 0:00:00]} 59. Kf2 {[%emt 0:00:01]} Bxf5 {[%emt 0:00:02]} 60. Kg1 {[%emt 0:00:00]} Bxe4 {[%emt 0:00:01]} 61. dxe4 {[%emt 0:00:00]} g3 {[%emt 0:00:00]} 62. Kf1 {[%emt 0:00:01]} c4 {[%emt 0:00:00]} 63. Kg1 {[%emt 0:00:00]} Kg4 {[%emt 0:00:00]} 64. Kf1 {[%emt 0:00:01]} Kf4 {[%emt 0:00:00]} 65. Ke2 {[%emt 0:00:00]} Kg4 {[%emt 0:00:01]} 66. Kd2 {[%emt 0:00:00]} g2 {[%emt 0:00:01]} 67. Kc3 {[%emt 0:00:00]} g1=Q {[%emt 0:00:00]} 68. Kxc4 {[%emt 0:00:00]} Qe3 {[%emt 0:00:00]} 69. Kd5 {[%emt 0:00:00]} Qxe4+ {[%emt 0:00:00]} 70. Kxe4 {[%emt 0:00:01]} Kg5 {[%emt 0:00:01]} 71. Kxe5 {[%emt 0:00:00] (Lag: Av=0.28s, max=0.8s)} 1/2-1/2

[Event "Stay Safe Play From Home 269"]
[Site "Emanuel Lasker Arena"]
[Date "2020.07.01"]
[Round "3"]
[White "The Next Contender"]
[Black "Jhhonnyy"]
[Result "0-1"]
[WhiteElo "1962"]
[BlackElo "2276"]
[PlyCount "140"]
[EventDate "2020.07.01"]
[EventType "swiss (blitz)"]

1. d4 {[%emt 0:00:01]} Nf6 {[%emt 0:00:01]} 2. c4 {[%emt 0:00:00]} c5 {[%emt 0:00:00]} 3. d5 {[%emt 0:00:01]} e6 {[%emt 0:00:00]} 4. Nc3 {[%emt 0:00:03]} exd5 {[%emt 0:00:00]} 5. cxd5 {[%emt 0:00:00]} d6 {[%emt 0:00:00]} 6. g3 {[%emt 0:00:00]} g6 {[%emt 0:00:00]} 7. Bg2 {[%emt 0:00:01]} Bg7 {[%emt 0:00:00]} 8. e4 {[%emt 0:00:00]} O-O {[%emt 0:00:00]} 9. Nge2 {[%emt 0:00:00]} Re8 {[%emt 0:00:01]} 10. O-O {[%emt 0:00:01]} b6 {[%emt 0:00:00]} 11. f3 {[%emt 0:00:01]} Ba6 {[%emt 0:00:00]} 12. Qc2 {[%emt 0:00:02]} b5 {[%emt 0:00:01]} 13. a3 {[%emt 0:00:02]} Nbd7 {[%emt 0:00:01]} 14. b4 {[%emt 0:00:01]} Rc8 {[%emt 0:00:01]} 15. Be3 {[%emt 0:00:01]} Ne5 {[%emt 0:00:02]} 16. Rfe1 {[%emt 0:00:01]} Nc4 {[%emt 0:00:01]} 17. Bf2 {[%emt 0:00:02]} Bb7 {[%emt 0:00:05]} 18. Nc1 {[%emt 0:00:01]} a6 {[%emt 0:00:02]} 19. Nd3 {[%emt 0:00:01]} cxb4 {[%emt 0:00:01]} 20. axb4 {[%emt 0:00:03]} Nd7 {[%emt 0:00:01]} 21. Qb3 {[%emt 0:00:01]} Nde5 {[%emt 0:00:01]} 22. Ne2 {[%emt 0:00:01]} Nxd3 {[%emt 0:00:01]} 23. Qxd3 {[%emt 0:00:02]} Ne5 {[%emt 0:00:01]} 24. Qa3 {[%emt 0:00:03]} f5 {[%emt 0:00:01]} 25. Rac1 {[%emt 0:00:03]} Nc4 {[%emt 0:00:01]} 26. Qa2 {[%emt 0:00:03]} fxe4 {[%emt 0:00:01]} 27. fxe4 {[%emt 0:00:00]} Qe7 {[%emt 0:00:02]} 28. Nd4 {[%emt 0:00:01]} Rf8 {[%emt 0:00:01]} 29. Ne6 {[%emt 0:00:01]} Rxf2 {[%emt 0:00:06]} 30. Qxf2 {[%emt 0:00:02]} Be5 {[%emt 0:00:01]} 31. Rf1 {[%emt 0:00:02]} Re8 {[%emt 0:00:01]} 32. Rcd1 {[%emt 0:00:02]} Bc8 {[%emt 0:00:01]} 33. Nf4 {[%emt 0:00:03]} Qg7 {[%emt 0:00:02]} 34. Rd3 {[%emt 0:00:01]} Bg4 {[%emt 0:00:02]} 35. h3 {[%emt 0:00:01]} Bd7 {[%emt 0:00:01]} 36. Kh2 {[%emt 0:00:01]} Nb2 {[%emt 0:00:01]} 37. Rf3 {[%emt 0:00:02]} Bd4 {[%emt 0:00:02]} 38. Qe2 {[%emt 0:00:01]} Nc4 {[%emt 0:00:01]} 39. Ne6 {[%emt 0:00:00]} Bxe6 {[%emt 0:00:02]} 40. dxe6 {[%emt 0:00:00]} Rxe6 {[%emt 0:00:00]} 41. Rf8+ {[%emt 0:00:01]} Qxf8 {[%emt 0:00:00]} 42. Rxf8+ {[%emt 0:00:00]} Kxf8 {[%emt 0:00:00]} 43. Qd3 {[%emt 0:00:01]} Be5 {[%emt 0:00:01]} 44. Qd5 {[%emt 0:00:01]} Re7 {[%emt 0:00:01]} 45. Qa8+ {[%emt 0:00:01]} Kg7 {[%emt 0:00:00]} 46. Qxa6 {[%emt 0:00:00]} Nd2 {[%emt 0:00:01]} 47. Qxb5 {[%emt 0:00:00]} Bf6 {[%emt 0:00:04]} 48. Qd5 {[%emt 0:00:00]} Nc4 {[%emt 0:00:01]} 49. Qxc4 {[%emt 0:00:01]} Re5 {[%emt 0:00:01]} 50. Qd5 {[%emt 0:00:00]} Re7 {[%emt 0:00:00]} 51. Qxd6 {[%emt 0:00:00]} h6 {[%emt 0:00:00]} 52. Qc7 {[%emt 0:00:00]} Kf8 {[%emt 0:00:00]} 53. Qd6 {[%emt 0:00:00]} Be5 {[%emt 0:00:01]} 54. Qd5 {[%emt 0:00:01]} Bg7 {[%emt 0:00:00]} 55. Qc5 {[%emt 0:00:00]} Ke8 {[%emt 0:00:01]} 56. e5 {[%emt 0:00:00]} Rxe5 {[%emt 0:00:00]} 57. b5 {[%emt 0:00:00]} Re7 {[%emt 0:00:00]} 58. Bc6+ {[%emt 0:00:01]} Kf7 {[%emt 0:00:00]} 59. Qd6 {[%emt 0:00:00]} Bf6 {[%emt 0:00:00]} 60. Qd5+ {[%emt 0:00:00]} Kg7 {[%emt 0:00:01]} 61. Be8 {[%emt 0:00:00]} Re5 {[%emt 0:00:00]} 62. h4 {[%emt 0:00:00]} Rxe8 {[%emt 0:00:00]} 63. b6 {[%emt 0:00:00]} Re2+ {[%emt 0:00:00]} 64. Kh3 {[%emt 0:00:01]} Re7 {[%emt 0:00:00]} 65. Kg4 {[%emt 0:00:00]} Rb7 {[%emt 0:00:00]} 66. Qxb7+ {[%emt 0:00:01]} Kg8 {[%emt 0:00:01]} 67. Qc6 {[%emt 0:00:00]} h5+ {[%emt 0:00:00]} 68. Kh3 {[%emt 0:00:00]} Kg7 {[%emt 0:00:00]} 69. b7 {[%emt 0:00:00]} g5 {[%emt 0:00:00]} 70. b8=Q {[%emt 0:00:00]} g4+ {[%emt 0:00:00] Time (Lag: Av=0.55s, max=1.1s)} 0-1